Представление документа в формате RUSMARC

ПолеНазваниеЗначение
  Тип записи a
  Библиографический уровень m
001 Контрольный номер RU/SLIB/B/208752296
005 Дата корректировки 20201206204137.0
010 Индекс ISBN __
d Цена 25000-00
101 Язык документа __
a Язык текста rus
200 Заглавие и сведения об ответственности __
a Заглавие Музыкальная Боэциана
f Первые сведения об ответственности Герцман Е. В.
b Общее обозначение материала Текст
210 Выходные данные __
a Место издания СПб.
c Издательство Глаголъ
d Дата издания 1995
215 Физическое описание __
a Объем 479 с.
c Иллюстрации/тип воспроизводства ил.
225 Серия __
a Серия Основания христианской культуры
606 Тематические рубрики __
a Основная рубрика Музыка и зрелищные искусства
606 Тематические рубрики __
a Основная рубрика Музыка в целом
606 Тематические рубрики __
a Основная рубрика Философия
606 Тематические рубрики __
a Основная рубрика Всемирная история философии
610 Ключевые слова __
a Ключевые слова история музыки; персоналии; философские течения; философия музыки; история философии
686 Индексы других классификаций __
a Классификационный индекс 85.31
a Классификационный индекс 87.3(0)
700 Автор __
a Фамилия Герцман
b Имя Е. В.
4 Код отношения 070
801 Источник записи _0
a Страна RU
b Организация Муниципальное бюджетное учреждение культуры "Централизованная библиотечная система" г. Сургут (Центральная городская библиотека им. А. С. Пушкина)
g Правила каталогизации КиК/Михайлова
801 Источник записи _1
a Страна RU
b Организация Муниципальное бюджетное учреждение культуры "Централизованная библиотечная система" г. Сургут (Центральная городская библиотека им. А. С. Пушкина)
g Правила каталогизации КиК/Михайлова
852 Данные о местонахождении __
j Шифр хранения 85.31
c Каталожный индекс 85.31; 87.3(0)
i Авторский знак Г 41
p Инвентарный номер 56810
901 Тип документа __
t Тип документа m
990 Данные о заказе (DOS) __
j Количество экземпляров (DOS) 1